Statistics for U.S. State Capitals - North to South

Click here to take the quiz!

General Stats

  • This quiz has been taken 1,174 times
    (1,168 since last reset)
  • The average score is 24 of 50

Answer Stats

Latitude Capital % Correct
58° 18' NJuneau
97%
47° 2' NOlympia
88%
46° 48' NBismarck
80%
46° 35' NHelena
77%
44° 57' NSt. Paul
74%
44° 56' NSalem
68%
44° 22' NPierre
67%
44° 18' NAugusta
67%
44° 15' NMontpelier
65%
43° 37' NBoise
65%
43° 12' NConcord
59%
43° 4' NMadison
59%
42° 39' NAlbany
59%
42° 43' NLansing
58%
21° 18' NHonolulu
56%
42° 21' NBoston
56%
41° 49' NProvidence
53%
41° 45' NHartford
51%
30° 16' NAustin
51%
41° 36' NDes Moines
50%
30° 26' NTallahassee
50%
30° 27' NBaton Rouge
47%
41° 8' NCheyenne
47%
32° 17' NJackson
43%
32° 22' NMontgomery
42%
33° 26' NPhoenix
42%
33° 44' NAtlanta
42%
40° 48' NLincoln
42%
40° 16' NHarrisburg
40%
39° 57' NColumbus
38%
40° 13' NTrenton
37%
40° 45' NSalt Lake City
37%
35° 41' NSanta Fe
37%
34° 0' NColumbia
37%
34° 44' NLittle Rock
37%
35° 28' NOklahoma City
36%
39° 46' NIndianapolis
36%
35° 46' NRaleigh
35%
36° 10' NNashville
35%
39° 44' NDenver
35%
39° 46' NSpringfield
35%
37° 32' NRichmond
33%
38° 12' NFrankfort
32%
38° 20' NCharleston
31%
38° 34' NSacramento
31%
38° 58' NAnnapolis
31%
39° 9' NDover
31%
38° 34' NJefferson City
31%
39° 3' NTopeka
30%
39° 9' NCarson City
30%

Score Distribution

Percentile by Number Answered

Percent of People with Each Score

Your Score History

You have not taken this quiz since the last reset